000 00771nam a2200241 i 4500
001 183221
003 ES-MaACL
005 20260616174605.0
008 140130s1990 sp | |||| ||spa d
020 _a84-7223-162-3
080 _a323.3-058.14
100 1 _aJünger, Ernst,
_d1895-1998
_967294
245 1 3 _aEl trabajador
_b: dominio y figura /
_cErnst Jünger ; traducción de Andrés Sánchez Pascual.
250 _a1ª ed.
260 _aBarcelona :
_bTusquets,
_c1990.
300 _a349 p. ;
_c21 cm.
490 1 _aEnsayo ;
_v11
650 7 _aClase trabajadora
_2embne
_9151811
700 0 _aSánchez Pascual, Andrés.
_9102833
830 0 _aEnsayo ;
_v11
_9177699
852 _aES-MaACL
_jL-30065
_z.- Donat. Miguel A. Velasco
999 _c183221
_d183221